Jeux et enjeux du pouvoir dans Les Andes: les cas des departements du Cuzco et De La Paz (vers 1880, jusque vers 1920) /
Gorde:
| Egile nagusia: | |
|---|---|
| Beste egile batzuk: | |
| Formatua: | Texto |
| Etiketak: |
Etiketa erantsi
Etiketarik gabe, Izan zaitez lehena erregistro honi etiketa jartzen!
|
MARC
| LEADER | 00000 a a2200000 04500 | ||
|---|---|---|---|
| 001 | 43795 | ||
| 003 | |||
| 040 | |||
| 100 | |a Demelas, Marie-Danielle | ||
| 245 | |a Jeux et enjeux du pouvoir dans Les Andes: |b les cas des departements du Cuzco et De La Paz (vers 1880, jusque vers 1920) / |c Marie-Danielle Demelas ; Jean Piel | ||
| 700 | |a Piel, Jean | ||
| 773 | |g páginas 55-64 | ||
| 999 | |c 30385 |d 30385 | ||
